Taylor Swift 87 - Statistics

General Stats
  • This quiz has been taken 17 times
  • The average score is 332 of 416
Answer Stats
Answer % Correct
a
100%
he
100%
me
100%
mine
100%
all
92%
here
92%
I
92%
in
92%
it
92%
like
92%
of
92%
off
92%
on
92%
so
92%
that
92%
the
92%
to
92%
too
92%
we
92%
and
85%
are
85%
day
85%
get
85%
it's
85%
just
85%
life
85%
love
85%
my
85%
night
85%
our
85%
people
85%
us
85%
we're
85%
with
85%
along
77%
at
77%
baby
77%
best
77%
but
77%
can't
77%
classroom
77%
come
77%
cry
77%
dancing
77%
dream
77%
every
77%
everything
77%
for
77%
free
77%
heartbreak
77%
I'm
77%
is
77%
know
77%
new
77%
romantic
77%
romantics
77%
see
77%
sing
77%
tears
77%
they
77%
tired
77%
up
77%
what
77%
anthem
69%
aren't
69%
bathroom
69%
battle
69%
better
69%
bored
69%
busy
69%
'cause
69%
doing
69%
feet
69%
honey
69%
mascara
69%
national
69%
out
69%
proudly
69%
them
69%
then
69%
young
69%
about
62%
back
62%
bricks
62%
build
62%
castle
62%
coming
62%
could
62%
danger
62%
different
62%
dumb
62%
exactly
62%
hand
62%
knocked
62%
letters
62%
play
62%
please
62%
road
62%
ruin
62%
scarlet
62%
show
62%
take
62%
threw
62%
trains
62%
trust
62%
wait
62%
want
62%
ace
54%
changer
54%
cruel
54%
face
54%
leave
54%
lights
54%
most
54%
need
54%
poker
54%
record
54%
rumors
54%
sides
54%
stranded
54%
switch
54%
team
54%
terrible
54%
timing
54%
true
54%
baby
46%
blinding
46%
hang
38%
noise
38%
No matching quizzes found
Score Distribution
Percent of People with Each Score
Percentile by Number Answered
Your Score History
You have not taken this quiz